Dead Man Walking Tornadoes - Statistics

General Stats
  • This quiz has been taken 58 times
  • The average score is 7 of 11
Answer Stats
Hint Answer % Correct
1997 Texas F5 Jarrell
91%
1974 Ohio F5(6) Xenia
91%
2011 Missouri EF5 Joplin
87%
2013 Oklahoma EF3 (5) El Reno
78%
2024 Iowa EF4 Greenfield
74%
2011 Alabama EF5 Rainsville
67%
2011 Alabama EF5 Hackleburg-Phil Campbell
63%
2011 Alabama EF4 Cullman-Arab
46%
1987 Alberta F4 Edmonton
46%
2010 Minnesota EF4 Albert Lea
35%
2019 Texas EF2 Tahoka
15%
No matching quizzes found
Score Distribution
Percent of People with Each Score
Percentile by Number Answered
Your Score History
You have not taken this quiz